000
00182 a2200097 4500
020
_a
0758203209
041
_a
eng
100
_a
Upcher, Caroline
245
_a
The boathouse
942
_c
BK
999
_c
6504
_d
6504